Responses for Show #2494 - Thursday, June 8, 1995

Contestants

[<< previous game]

Scott Marley, a writer and editor from Albany, California

Kevin McCarty, an actor from Van Nuys, California

Ilene Markell, a musician originally from Memphis, Tennessee (whose 1-day cash winnings total $13,201)

[next game >>]

Jeopardy! Round responses

20th CENTURY AMERICA
BASEBALL HISTORY
NEWSPAPERS
FRENCH CITIES
COOKING WITH EGGS
"MAN"LY WORDS & PHRASES
    $100 6
the Ringling Bros. (& Barnum & Bailey)

Kevin
    $100 26
Boston

Kevin
    $100 12
the Washington Post

Scott
    $100 1
Paris

Ilene
    $100 11
(Kevin: What is crack?)

float

KevinScott
    $100 13
manslaughter

Scott
    $200 7
Ed Koch

Kevin
    $200 27
Babe Ruth

Kevin
    $200 22
the Los Angeles Times

Scott
    $200 2
Cannes

Ilene
    $200 17
a deviled egg

Kevin
    $200 14
the Muffin Man

Triple Stumper
    $300 8
Currier & Ives

Triple Stumper
    $300 28
stealing bases

Ilene
    $300 23
Jackson

Ilene
    $300 3
Versailles

Kevin
    $300 18
jumbo

Kevin
    $300 15
Mandalay

Triple Stumper
    $400 9
the House Un-American Activities Committee

Kevin
    $400 29
Doubleday

Ilene
    $400 24
the Tribune

Ilene
    $400 4
(Ilene: What is Marseille?)

Lyon

Ilene
Triple Stumper
    $400 20
(Ilene: What is soufflé?)

custard

IleneScott
    $400 16
(Alex: [*] can.)

the Candy Man

Ilene
    $500 10
Coolidge

Ilene
    $500 30
Cy Young

Triple Stumper
    $500 25
Utah

Ilene
    $200 5
(Kevin: What are Chablis?)

Bordeaux

Kevin
    $500 21
a glaze

Kevin
    $500 19
You're a Good Man, Charlie Brown

Kevin

Scores at the first commercial break (after clue 14):

Ilene Kevin Scott
$400 $700 $300

Scores at the end of the Jeopardy! Round:

Ilene Kevin Scott
$2,300 $2,500 $900

Double Jeopardy! Round responses

BIBLICAL PEOPLES
MUSIC
LAKES & RIVERS
SCIENTISTS & INVENTORS
HISTORY
POETS & POETRY
    $200 19
Paul

Kevin
    $200 1
a fugue

Kevin
    $200 12
Ireland

Kevin
    $200 16
(Alexander Graham) Bell

Scott
    $200 11
the Kremlin

Ilene
    $200 4
the Bounty

Ilene
    $400 20
Lot

Ilene
    $400 2
a classical guitar

Kevin
    $400 14
Lake Albert

Kevin
    $400 23
(Kevin: Who was Fulton?)

(James) Watt

IleneKevin
    $400 13
Casablanca

Ilene
    $400 5
(Ilene: What is good fences build good neighbors?)

good fences make good neighbors

IleneScott
    $600 22
the Israelites

Ilene
    $600 3
G sharp

Ilene
    $600 21
(Kevin: What is... Bruns--New Brunswick?)

Quebec

KevinScott
    $600 24
(Alex: We have less than a minute to go.)

da Vinci

Scott
    $600 15
the Hapsburgs

Ilene
    $600 8
Gray

Scott
    $800 28
[The end-of-round signal sounds.]

Abraham

Triple Stumper
    $800 6
"The Pines Of Rome"

Scott
    $2,500 17
(Scott: What is the Treaty of Versailles?)
...
(Alex: The Treaty of Versailles ended World War I.)

the Treaty of Ghent

Scott
    $800 9
(Ogden) Nash

Scott
    $1000 25
the Philistines

Kevin
    $1000 7
(Johannes) Brahms

Scott
    $1,400 26
(Kevin: What is the Amazon?)
...
(Alex: Plata means silver; he thought there were a lot of silver deposits.)

the Rio de la Plata

Kevin
    $1000 27
the Montgolfiers

Scott
    $1000 18
Kenya

Triple Stumper
    $1000 10
(Alexander) Pope

Scott

Scores at the end of the Double Jeopardy! Round:

Ilene Kevin Scott
$5,300 $2,500 $5,400

[wagering suggestions for these scores]

Final Jeopardy! Round responses

HISTORIC AMERICANS
(Alex: The story is in the War of 1812, uh, Mr. Beanes was a resident of Maryland and he had had a British soldier arrested and so the British arrested him and [*] was sent to the British fleet to arrange for his release and he saw the bombardment over Fort McHenry.)
KevinWho is Aaron Burr
$2,499
IleneWho was ?
$299
ScottWho was Monroe?
$5,201
Francis Scott Key

Final scores:

Ilene Kevin Scott
$5,001 $1 $199
2-day champion: $18,202 3rd place: Panasonic 27" TV + Jeopardy! home game 2nd place: trip on TWA to Honolulu & stay at the Ala Moana Hotel + Jeopardy! home game

Game dynamics:

Coryat scores:

Ilene Kevin Scott
$5,300 $4,100 $7,900
17 R,
3 W
16 R,
5 W
(including 2 DDs)
15 R,
1 W
(including 1 DD)

Combined Coryat: $17,300

[game clues] [game scores] [suggest correction]

Game tape date: 1995-02-01
The J! Archive is created by fans, for fans. Scraping, republication, monetization, and malicious use prohibited; this site may use cookies and collect identifying information. See terms. The Jeopardy! game show and all elements thereof, including but not limited to copyright and trademark thereto, are the property of Jeopardy Productions, Inc. and are protected under law. This website is not affiliated with, sponsored by, or operated by Jeopardy Productions, Inc. Join the discussion at JBoard.tv.